| 000 | 00697nam a2200229 a 4500 | ||
|---|---|---|---|
| 001 | BRL_49 | ||
| 005 | 20190320210551.0 | ||
| 008 | 830112s1949 mx-a######---#000-0#spa-# | ||
| 041 | _aspa | ||
| 044 | _amx | ||
| 050 | 4 |
_aND813.M8 _b.O74 1949 |
|
| 100 | 1 |
_aOrendain, Leopoldo I. _922760 |
|
| 245 | 1 | 0 |
_aLos pretendidos Murillos del Museo de Guadalajara _cLeopoldo I. Orendain. |
| 260 |
_aGuadalajara, Jal., México _bLibrería Font _c1949 |
||
| 300 |
_a40 p. _bil., 19 láminas _c21 cm. |
||
| 500 | _aAu101 | ||
| 504 | _aBibliografía: p. 39-40 | ||
| 600 | 1 | 4 |
_aMurillo, Bartolomé Esteban _d1617-1682 _913827 |
| 610 | 2 | 4 |
_aMuseo de Guadalajara (México) _922761 |
| 902 | _aGRL | ||
| 942 |
_2lcc _cB |
||
| 999 |
_c8862 _d8862 |
||